00285nam a2200133Ia 45000030006000000080041000060400015000471000021000622450020000832500010001032600009001135460012001220050017001340STCL150530s9999 xx 000 0 und d aSTCLcSTCL aChesterton, G.K. aSelected essays aFirst c1966 aEnglish20220125171143.0